| 000 | 01734cam a2200409 a 4500 | ||
|---|---|---|---|
| 001 | 13758681 | ||
| 003 | OSt | ||
| 005 | 20140310182648.0 | ||
| 008 | 041022r20051895nyu b 000 0 eng | ||
| 010 | _a 2004061897 | ||
| 020 | _a0883681056 | ||
| 040 |
_aDLC _cDLC _dDLC |
||
| 041 | 1 |
_aeng _hfre |
|
| 042 | _apcc | ||
| 050 | 0 | 0 |
_aBT 140 _b.L419 1982 |
| 082 | 0 | 0 |
_aM 248 _bL43 1982 |
| 100 | 0 |
_aLawrence, _cof the Resurrection, Brother, _d1611-1691. |
|
| 240 | 1 | 0 |
_aPratique de la présence de Dieu. _lEnglish |
| 245 | 1 | 4 |
_aThe practice of the presence of God : _cby Brother Lawrence. |
| 246 | 3 | _aPractice of the presence of God ; and, The spiritual maxims | |
| 246 | 3 | 0 | _aSpiritual maxims |
| 260 |
_aUSA : _bWhitaker House, _c1982 |
||
| 300 |
_aiii, 76 p. ; _c22 cm. |
||
| 500 | _aFirst work originally published: The practice of the presence of God, the best rule of a holy life. New York : F.H. Revell Co., 1895. 2nd work originally published: The spiritual maxims of Brother Lawrence. Philadelphia : Griffith and Rowland Press, 18--? | ||
| 504 | _aIncludes bibliographical references. | ||
| 521 | _acollege students | ||
| 526 | _c1210L to 17000L | ||
| 541 | _j1 | ||
| 562 | _efor circulation : 1 copy in the collection | ||
| 650 | 0 |
_aSpiritual life _xCatholic Church. |
|
| 700 | 0 | 2 |
_aLawrence, _cof the Resurrection, Brother, _d1611-1691. _tMaximes spirituelles. _lEnglish. |
| 740 | 0 | 2 | _aSpiritual maxims. |
| 856 | 4 | 2 |
_3Publisher description _uhttp://www.loc.gov/catdir/enhancements/fy0619/2004061897-d.html |
| 906 |
_a7 _bcbc _corignew _d1 _eocip _f20 _gy-gencatlg |
||
| 942 |
_2lcc _cBK _kM |
||
| 999 |
_c15081 _d15081 |
||